| 000 | 01139nam a2200301 a 4500 | ||
|---|---|---|---|
| 001 | BRL_239 | ||
| 005 | 20190320210641.0 | ||
| 008 | 160713s1995----au-#######---#000-0dspa-# | ||
| 020 | _a3900467447 | ||
| 041 | _aspa | ||
| 044 | _aau | ||
| 050 | 4 |
_aF1201 _b.Q4 1995 |
|
| 245 | 1 | 0 |
_aQué lejos está Viena _bLatinoamérica como lugar de exilio de escritores y artistas austríacos _ccomp. Alisa Dover y Ursula Seeber ; colaboración Edith Blaschitz ; traducción por Olga León Touzard ; revisado por Rosa Campillo Guajardo. |
| 260 |
_aViena _bZirkular _c1995 |
||
| 300 |
_a158 p. _c30 cm. |
||
| 500 | _aIncluye datos biográficos e índice onomástico | ||
| 500 | _aAu291 | ||
| 650 | 1 | 4 |
_aAustriacos _xHistoria _ySiglo XX _zLatinoamerica _923322 |
| 650 | 1 | 4 |
_aJudíos austriacos _xHistoria _ySiglo XX _zLatinoamerica _923323 |
| 650 | 1 | 4 |
_aAustriacos _vBiografía _zLatinoamerica _923324 |
| 650 | 1 | 4 |
_aExiliados _zLatinoamerica _923325 |
| 700 | 1 |
_aDouer, Alisa _ecomp. _923326 |
|
| 700 | 1 |
_aSeeber, Ursula _ecomp. _923327 |
|
| 700 | 1 |
_aBlaschitz, Edith _923328 |
|
| 700 | 1 |
_aLeón Touzard, Olga _etr. _923329 |
|
| 902 | _aGRL | ||
| 942 |
_2lcc _cB |
||
| 999 |
_c9052 _d9052 |
||